| 000 | 01059nam a22002057a 4500 | ||
|---|---|---|---|
| 008 | 110120s2001 ua|||||r|||| 000 0 ara d | ||
| 020 | _a9770906727 | ||
| 082 |
_a338.162 _bف ت ا |
||
| 100 |
_922110 _aعبد الفتاح ، محمود منصور |
||
| 245 |
_aالزراعة والغذاء في مصر : _bالواقع وسيناريوهات بديلة حتى عام 2020 / _cمحمود منصور عبد الفتاح ، نصر محمد القزاز ، باسم سليمان فياض |
||
| 260 |
_aالقاهرة : _bدار الشروق ، 2001 _c2001 |
||
| 300 |
_a311 ص : _bايض ؛ _c20 سم |
||
| 490 |
_921479 _aمكتبة مصر 2020 |
||
| 541 |
_aد. باسم أحمد ؛ _cإهداء ؛ |
||
| 650 |
_915139 _aالزراعة _xاقتصاديات _zمصر |
||
| 700 |
_922112 _aفياض ، باسم سليمان |
||
| 700 |
_922111 _aالقزاز ، نصر محمد |
||
| 942 |
_2ddc _cBB |
||
| 999 |
_c14932 _d14932 |
||